| 000 | 00546nam a2200169Ia 4500 | ||
|---|---|---|---|
| 999 |
_c23462 _d23462 |
||
| 003 | OSt | ||
| 005 | 20200519123721.0 | ||
| 008 | 190216s9999||||xx |||||||||||||| ||und|| | ||
| 020 | _a9960321452 | ||
| 040 | _coclc | ||
| 082 |
_a340.59 _bSID/R |
||
| 100 |
_aSiddiqi, Muhammad Nejatullah _92171 |
||
| 245 | 0 |
_aRiba, Bank Interest and The Rationale Of Its Prohibition / _c Muhammad Nejatullah Siddiqi |
|
| 260 |
_bMarkazi Maktaba Islami, _c2010. _aDelhi: |
||
| 300 | _a162p | ||
| 942 |
_cBK _2ddc _h340.59 _iSID/R _k340.59 _mSID/R |
||